Normal view
MARC view
- H S Bawa
Entry Personal Name
001 - CONTROL NUMBER
- control field: 124667
003 - CONTROL NUMBER IDENTIFIER
- control field: NUST
005 - DATE AND TIME OF LATEST TRANSACTION
- control field: 20240721133609.0
008 - FIXED-LENGTH DATA ELEMENTS
- fixed length control field: 240721|| aca||aabn | a|a d
040 ## - CATALOGING SOURCE
- Original cataloging agency: NUST
- Transcribing agency: NUST
100 ## - HEADING--PERSONAL NAME
- Personal name: H S Bawa
670 ## - SOURCE DATA FOUND
- Source citation: Work cat.: (NUST): H S Bawa, Workshop Practice, 2007.
